Nitric oxide and the regulation of the peripheral circulation /

Bibliographic Details
Other Authors: Kadowitz, Philip J., 1941-, McNamara, Dennis B.
Format: Book
Language:English
Published: Boston, Mass. : Birkhäuser, [2000]
Series:Nitric oxide in biology and medicine ; 1.
Subjects:

MARC

Tag First Indicator Second Indicator Subfields
LEADER 00000pam a22000004a 4500
001 in00004480607
005 20191203081733.0
008 000329s2000 maua b 001 0 eng
010 |a  99027053  
020 |a 0817640460 (acid-free paper) 
020 |a 3764340460 (acid-free paper) 
035 |a (OCoLC)41211442 
035 |z (UtOrBLW)27630 
035 |a 41779 
040 |a DLC  |c DLC  |d UtOrBLW 
042 |a pcc 
049 |a TMVM  |c 1 
050 0 0 |a QP108.5.P45  |b N56 2000 
082 0 0 |a 612.1/3  |2 21 
096 |a WG 103  |b N731 2000 
245 0 0 |a Nitric oxide and the regulation of the peripheral circulation /  |c Philip J. Kadowitz, Dennis B. McNamara, editors. 
264 1 |a Boston, Mass. :  |b Birkhäuser,  |c [2000] 
264 4 |c ©2000 
300 |a x, 362 pages :  |b illustrations ;  |c 24 cm. 
336 |a text  |2 rdacontent  |b txt 
337 |a unmediated  |2 rdamedia 
338 |a volume  |2 rdacarrier  |b nc 
490 1 |a Nitric oxide in biology and medicine ;  |v 1 
504 |a Includes bibliographical references and index. 
505 0 |a Nitric oxide in the regulation of blood flow: a historical overview / Louis J. Ignarro -- Pt. 1. Selected mechanisms of action -- Regulation of intracellular Ca²⁺ by cyclic GMP-dependent protein kinase in vascular smooth muscle cells / Padmini Komalavilas, Thomas M. Lincoln -- Oxidants and vascular nitric oxide signaling / Michael S. Wolin ... [et al.] -- Role of Na⁺-K⁺-ATPase in nitric oxide-induced relaxation / Sandeep Gupta -- Purinergic receptors, nitric oxide, and regional blood flow / Vera Ralevic, Geoffrey Burnstock -- Nitric oxide derived from perivascular nerves and endothelium / Tomio Okamura, Noboru Toda -- Nitric oxide and hypertension / Roberto Zatz, Christine Baylis -- Pt. 2. Vascular bed -- A. Cerebral -- Nitric oxide in control of the cerebral circulation / Charles W. Leffler -- B. Pulmonary -- Intravenous anesthetics in the pulmonary circulation / Alan D. Kaye, Bobby D. Nossaman, Philip J. Kadowitz -- Inhaled nitric oxide therapy for acute respiratory failure / William E. Hurford, Wolfgang Steudel, Warren M. Zapol -- Clinical applications of inhaled nitric oxide / Elie Haddad, Lesley J. Millatt, Roger A. Johns -- Nitric oxide and the perinatal pulmonary circulation / Sidney Cassin -- Nitric oxide and the pulmonary circulation in the adult / Bobby D. Nossaman, Alan D. Kaye, Philip J. Kadowitz -- C. Skeletal -- Role of nitric oxide in the skeletal muscle vascular bed / Hunter C. Champion, Philip J. Kadowitz -- D. GI/GU -- Nitric oxide and the hepatic circulation / W. Wayne Lautt, M. Paula Macedo -- Nitric oxide and the gastrointestinal circulation / Philippe Bauer, Zsuzsanna Rozsa, D. Neil Granger -- Uterine effects of nitric oxide / Kenneth E. Clark, Leslie Myatt -- NO effect on penile blood flow and lower genitourinary tract function / Trinity J. Bivalacqua ... [et al.] -- E. Renal -- Role of nitric oxide in the regulation of renal blood flow / Dewan S.A. Majid, L. Gabriel Navar -- Role of nitric oxide in the regulation of renal function in conscious animals / R. Davis Manning, Jr., Lufei Hu, Dunyong Y. Tan -- Modulation of renal microvascular responsiveness by nitric oxide / Edward W. Inscho. 
650 2 |a Nitric Oxide. 
650 2 |a Blood Circulation. 
700 1 |a Kadowitz, Philip J.,  |d 1941- 
700 1 |a McNamara, Dennis B. 
830 0 |a Nitric oxide in biology and medicine ;  |v 1. 
999 |a MARS 
999 f f |s 3373d506-85ba-313e-8027-08b2ddf5636f  |i 30da46c3-2cf1-3012-a66d-50b1147a2a67  |t 0 
952 f f |p ric  |a Texas A&M University  |b Rellis Campus  |c Joint Library Facility  |d Remote Storage  |t 0  |e WG 103 N731 2000  |h National Library of Medicine classification  |i unmediated -- volume  |m 3238901656325 
998 f f |a WG 103 N731 2000  |t 0  |l Remote Storage